Agronomy of Field Crops (Record no. 5208)

MARC details
000 -LEADER
fixed length control field 00364nam a22001577a 4500
005 - DATE AND TIME OF LATEST TRANSACTION
control field 20160905160336.0
008 - FIXED-LENGTH DATA ELEMENTS--GENERAL INFORMATION
fixed length control field 160905b xxu||||| |||| 00| 0 eng d
020 ## - INTERNATIONAL STANDARD BOOK NUMBER
ISBN 978-93-272-6385-5
041 ## - LANGUAGE CODE
Language code of text/sound track or separate title eng
100 ## - MAIN ENTRY--AUTHOR NAME
Personal name Reddy,S.R
245 ## - TITLE STATEMENT
Title Agronomy of Field Crops
260 ## - PUBLICATION, DISTRIBUTION, ETC. (IMPRINT)
Name of publisher Kalyani
Year of publication 2016
300 ## - PHYSICAL DESCRIPTION
Number of Pages 658
650 ## - SUBJECT ADDED ENTRY--TOPICAL TERM
Topical Term Agriculture
942 ## - ADDED ENTRY ELEMENTS (KOHA)
Koha item type Books
Holdings
Lost status Damaged status Collection code Home library Current library Shelving location Date acquired Source of acquisition Cost, normal purchase price Full call number Accession Number Copy number Koha item type
    Reference JRU Library JRU Library SHELF-2-D 05/09/2016 PURCHASE 450.00 630 21081 5 Books
      JRU Library JRU Library SHELF-44-B 05/09/2016 PURCHASE 450.00 630 21082 5 Books
      JRU Library JRU Library SHELF-44-B 05/09/2016 PURCHASE 450.00 630 21083 5 Books
      JRU Library JRU Library SHELF-44-B 05/09/2016 PURCHASE 450.00 630 21084 5 Books
      JRU Library JRU Library SHELF-44-B 05/09/2016 PURCHASE 450.00 630 21085 5 Books